| 000 | 01317nam a2200325 i 4500 | ||
|---|---|---|---|
| 003 | EG-ScBUE | ||
| 005 | 20240219135725.0 | ||
| 008 | 100422s1998 ua f 000 0 ara d | ||
| 017 | _a98 / 9148 | ||
| 020 | _a9770157996 | ||
| 040 |
_aEG-ScBUE _bara _erda _cEG-ScBUE _dEG-ScBUE |
||
| 043 |
_aawba--- _aawgz--- |
||
| 082 | 0 | 4 |
_222 _a956.9442 _bك ا ت |
| 100 | 1 |
_913663 _aكاتب، عبد الحميد، _d1918- _eمؤلف. |
|
| 245 | 1 | 0 |
_aالقدس : _bالفتح الإسلامي، الغزو الصليبي، الهجمة الصهيونية / _cعبد الحميد الكاتب. |
| 250 | _aطبعة خاصة. | ||
| 264 | 1 |
_aالقاهرة : _bدار الشروق، _c1998. |
|
| 300 |
_a166 صفحة ؛ _c20 سم. |
||
| 336 |
_2rdacontent _aنص _btxt |
||
| 337 |
_aبدون وسيط _2rdamedia _bn |
||
| 338 |
_aمجلد _bnc _2rdacarrier |
||
| 490 | 0 |
_aمكتبة الأسرة. _aالأعمال الخاصة |
|
| 500 | _aطبعة خاصة تصدرها دار الشروق ضمن مشروع مكتبة الأسرة. | ||
| 541 |
_cإهداء ؛ _aعلاء عبد الغني. |
||
| 650 | 7 |
_aالقضية الفلسطينية. _2BUEsh |
|
| 650 | 7 |
_aالنزاع العربي الإسرائيلي. _2BUEsh |
|
| 651 | 7 |
_913665 _aالقدس _xتاريخ. _2BUEsh |
|
| 655 | _vReading book | ||
| 942 |
_2ddc _cBB |
||
| 999 |
_c13928 _d13928 |
||